LEADER 00906nam0-22002771i-450- 001 990007149130403321 005 20021010 035 $a000714913 035 $aFED01000714913 035 $a(Aleph)000714913FED01 035 $a000714913 100 $a20021010d--------km-y0itay50------ba 101 0 $aita 200 1 $a<>strutture di vertice della pubblica amministrazione$evincoli costituzionali e prospettive di riforma$fPaolo Giangaspero. 210 $aMilano$cGiuffre'$d1998. 215 $aVIII, 336 p.$d24 cm 225 1 $aPubblicazioni della Facoltà di giurisprudenza della Università di Trieste$v43 700 1$aGiangaspero,$bPaolo$0240611 801 0$aIT$bUNINA$gRICA$2UNIMARC 901 $aBK 912 $a990007149130403321 952 $aXI A 72$b2660$fDDCIC 959 $aDDCIC 996 $aStrutture di vertice della pubblica amministrazione$9207675 997 $aUNINA DB $aGEN01 LEADER 00890nam 2200325 450 001 9910688312403321 005 20230624160314.0 035 $a(CKB)5400000000044889 035 $a(NjHacI)995400000000044889 035 $a(EXLCZ)995400000000044889 100 $a20230624d2019 uy 0 101 0 $aeng 135 $aur||||||||||| 181 $ctxt$2rdacontent 182 $cc$2rdamedia 183 $acr$2rdacarrier 200 00$aAerospace Engineering /$fedited by George Dekoulis 210 1$aLondon :$cIntechOpen,$d2019. 215 $a1 online resource (191 pages) 311 $a1-83962-787-5 606 $aAerospace engineering 615 0$aAerospace engineering. 676 $a629.1 702 $aDekoulis$b George 801 0$bNjHacI 801 1$bNjHacl 906 $aBOOK 912 $a9910688312403321 996 $aAerospace engineering$9801734 997 $aUNINA LEADER 03318nam 22004815 450 001 9910253926503321 005 20200706144846.0 010 $a3-319-54051-3 024 7 $a10.1007/978-3-319-54051-1 035 $a(CKB)3710000001124644 035 $a(DE-He213)978-3-319-54051-1 035 $a(MiAaPQ)EBC4826392 035 $a(PPN)199770212 035 $a(EXLCZ)993710000001124644 100 $a20170318d2017 u| 0 101 0 $aeng 135 $aurnn|008mamaa 181 $ctxt$2rdacontent 182 $cc$2rdamedia 183 $acr$2rdacarrier 200 10$aBacteriophages: Practical Applications for Nature's Biocontrol /$fby Sabah A.A. Jassim, Richard G. Limoges 205 $a1st ed. 2017. 210 1$aCham :$cSpringer International Publishing :$cImprint: Springer,$d2017. 215 $a1 online resource (XVII, 242 p. 49 illus., 48 illus. in color.) 311 $a3-319-54050-5 320 $aIncludes bibliographical references at the end of each chapters and index. 327 $aApplications of phage biocontrol in aquatic habitats and on farms -- Practical aspects of phage biocontrol testing and applications -- Contamination control risks and remediation strategies, along with rapid microbiological detection methods -- Phage hunting, propagation and enhancing lytic activity to target the host cell -- Relevant phage biocontrol applications and quality control assessment -- Alternative applications for phage in wastewater and other water treatment, including control of harmful algal blooms -- Use as an environmental biocontrol in healthcare, crowded, sensitive or unsanitary environments -- Healthcare applications, obstacles and considerations -- Uses in a timed-release format for ingestion or injection -- index. 330 $aBacteriophages: Practical Applications for Nature's Biocontrol' presents the latest information on uses in healthcare settings as well as animal husbandry, management and care of farm animals by using enhanced phages to replace antibiotics for growth promotion in animal feed or to prevent, control and treat disease in animals. The book will provide an overview of the function of phages and what researchers need to know, from phage hunting to laboratory design, management, production and application using different tools and methods. These key aspects will be discussed through a series of dedicated chapters, with topics covering auditing, validation, data analysis, microbial identification, culture media, and contamination control, etc. 606 $aBacteriology 606 $aVeterinary medicine 606 $aBacteriology$3https://scigraph.springernature.com/ontologies/product-market-codes/L23012 606 $aVeterinary Medicine/Veterinary Science$3https://scigraph.springernature.com/ontologies/product-market-codes/H67000 615 0$aBacteriology. 615 0$aVeterinary medicine. 615 14$aBacteriology. 615 24$aVeterinary Medicine/Veterinary Science. 676 $a579.3 700 $aJassim$b Sabah A.A$4aut$4http://id.loc.gov/vocabulary/relators/aut$0892719 702 $aLimoges$b Richard G$4aut$4http://id.loc.gov/vocabulary/relators/aut 906 $aBOOK 912 $a9910253926503321 996 $aBacteriophages: Practical Applications for Nature's Biocontrol$91993970 997 $aUNINA LEADER 01379nas 22004453- 450 001 9910893057203321 005 20260324110624.0 011 $a0519-2617 035 $a(CKB)991042746893440 035 $a(CONSER)sn-86008989- 035 $a(DE-599)3204058-1 035 $a(EXLCZ)99991042746893440 100 $a20751101a19uu9999 --- b 101 0 $alit 181 $ctxt$2rdacontent 182 $cc$2rdamedia 183 $acr$2rdacarrier 200 10$aAteitis 210 $aChicago$cLithuanian Roman Catholic Federation Ateitis 215 $a1 online resource 300 $a"Ateitinink? Federacijos leid?iamas Kataliki?kos-Lietuvi?kos Orientacijos ?urnalas." 311 08$aPrint version: Ateitis (Chicago, Ill.) (DLC)sn 86008989 (OCoLC)1781947 531 0 $aAteitis 606 $aCatholics$vPeriodicals 606 $aLithuanian Americans$vPeriodicals 606 $aCatholics$2fast$3(OCoLC)fst00849297 606 $aLithuanian Americans$2fast$3(OCoLC)fst01000343 608 $aPeriodicals.$2fast 615 0$aCatholics 615 0$aLithuanian Americans 615 7$aCatholics. 615 7$aLithuanian Americans. 676 $a947 712 02$aLietuviu Kataliki?kojo Jaunimo. 712 02$aAteitininkai. 906 $aJOURNAL 912 $a9910893057203321 920 $aexl_impl conversion 996 $aAteitis$94243033 997 $aUNINA